[Event "Pohár mìsta Øíèany 2018"]
[Site "Mìstské kulturní støedisko"]
[Date "2018.08.29"]
[Round "6.18"]
[White "Maly, Filip"]
[Black "Elias, Jakub"]
[Result "0-1"]
[WhiteElo "1954"]
[BlackElo "1794"]
[PlyCount "100"]
[EventDate "2018.08.25"]

1. e4 c5 2. Nf3 d6 3. d4 cxd4 4. Nxd4 Nf6 5. Nc3 a6 6. Be3 e6 7. f3 Be7 8. Qd2
Qc7 9. O-O-O b5 10. g4 Bb7 11. Kb1 Nc6 12. Nxc6 Bxc6 13. Bg2 O-O-O 14. Qf2 Nd7
15. Ne2 Nc5 16. Nd4 Bb7 17. Nb3 Kb8 18. Nd4 Rc8 19. Rhe1 Rhd8 20. Bc1 Na4 21.
Nb3 h6 22. f4 Rd7 23. e5 d5 24. f5 Bh4 25. Qxh4 Qxc2+ 26. Ka1 Qxg2 27. Rd2 Qf3
28. Qg3 Qxg3 29. hxg3 Nc5 30. Nd4 Rdc7 31. b3 Ne4 32. Rdd1 Nf2 33. Ba3 Nxd1 34.
Rxd1 Rc3 35. fxe6 fxe6 36. Nxe6 Rxg3 37. Bd6+ Ka7 38. Nc5 Rxg4 39. Rf1 Ka8 40.
Rf7 Rxc5 41. Bxc5 Bc8 42. Rf8 Kb7 43. Bd6 b4 44. Rf7+ Kb6 45. Bf8 Be6 46. Rf1
h5 47. Kb2 Rg2+ 48. Kb1 a5 49. a3 bxa3 50. Bxa3 h4 0-1

[Event "Pohár mìsta Øíèany 2018"]
[Site "Mìstské kulturní støedisko"]
[Date "2018.08.29"]
[Round "6.22"]
[White "Zizka, Petr"]
[Black "Rerabek, Jaroslav"]
[Result "1/2-1/2"]
[WhiteElo "2028"]
[BlackElo "1684"]
[PlyCount "123"]
[EventDate "2018.08.25"]

1. b3 Nf6 2. Bb2 g6 3. Bxf6 exf6 4. c4 Bg7 5. Nc3 O-O 6. g3 Nc6 7. Bg2 f5 8.
Rc1 b6 9. e3 Bb7 10. d4 Re8 11. Nge2 Rb8 12. O-O Ne7 13. d5 c5 14. Nb5 a6 15.
Nd6 Rf8 16. e4 Be5 17. Nxb7 Rxb7 18. f4 Bg7 19. d6 Nc6 20. e5 Rb8 21. Rf3 g5
22. Re3 Bh6 23. Qd2 Qe8 24. Bxc6 dxc6 25. d7 Qe7 26. Rd1 Rfd8 27. Rd3 Rb7 28.
Rd6 Bg7 29. Nc3 gxf4 30. gxf4 Qh4 31. Ne2 Bf8 32. Rd3 Qe7 33. Kh1 Kh8 34. Ng3
Qe6 35. Nh5 Be7 36. Nf6 Bxf6 37. Rd6 Qe7 38. exf6 Qe4+ 39. Qg2 Qxg2+ 40. Kxg2
h5 41. Kh3 Kh7 42. Kh4 Kh6 43. R6d3 Rc7 44. Rd6 b5 45. R1d2 a5 46. a4 b4 47.
R2d3 Kg6 48. Rg3+ Kh6 49. Rg5 Rdxd7 50. Rxh5+ Kg6 51. Rg5+ Kh6 52. Rh5+ Kg6 53.
Rg5+ Kh6 54. Rxd7 Rxd7 55. Rxf5 Rd3 56. Rxc5 Rxb3 57. Rxa5 Ra3 58. f5 b3 59.
Ra8 Kh7 60. Ra7 Kg8 61. Ra8+ Kh7 62. Ra7 1/2-1/2

[Event "Pohár mìsta Øíèany 2018"]
[Site "Mìstské kulturní støedisko"]
[Date "2018.08.29"]
[Round "6.26"]
[White "Kyselka, Daniel"]
[Black "Vilimova, Julie"]
[Result "0-1"]
[WhiteElo "1760"]
[BlackElo "1836"]
[PlyCount "82"]
[EventDate "2018.08.25"]

1. Nf3 g6 2. g3 Bg7 3. Bg2 d6 4. d3 c6 5. e4 e5 6. O-O Nf6 7. c3 O-O 8. Nbd2
Nbd7 9. Qc2 d5 10. b3 Qc7 11. Bb2 b6 12. c4 d4 13. b4 c5 14. b5 Bb7 15. a4 Nh5
16. Nb3 f5 17. Ng5 Qd6 18. a5 h6 19. a6 Bd5 20. cxd5 hxg5 21. exf5 gxf5 22. Nd2
Rac8 23. Nc4 Qg6 24. d6 Nhf6 25. Bc6 Qf7 26. Rfe1 Rfe8 27. Re2 Nd5 28. Rae1 Nb4
29. Qd2 Nxc6 30. bxc6 Rxc6 31. Qxg5 e4 32. g4 b5 33. Nd2 c4 34. dxc4 bxc4 35.
Bxd4 Rxd6 36. Bxa7 c3 37. Nb1 Ne5 38. Qxf5 Qxf5 39. gxf5 Nf3+ 40. Kg2 Nxe1+ 41.
Rxe1 c2 0-1

[Event "Pohár mìsta Øíèany 2018"]
[Site "Mìstské kulturní støedisko"]
[Date "2018.08.29"]
[Round "6.31"]
[White "Hlavacek, Ondrej"]
[Black "Lhotska, Anna"]
[Result "0-1"]
[WhiteElo "1737"]
[BlackElo "1770"]
[PlyCount "92"]
[EventDate "2018.08.25"]

1. Nf3 c5 2. g3 Nc6 3. c4 e5 4. Nc3 g6 5. Bg2 Bg7 6. a3 Nge7 7. Rb1 d6 8. d3
O-O 9. O-O h6 10. Bd2 f5 11. Ne1 f4 12. Nc2 Be6 13. b4 Qd7 14. b5 Nd8 15. e3 g5
16. exf4 exf4 17. Ne4 Bh3 18. f3 Bxg2 19. Kxg2 Ne6 20. Bc3 d5 21. Bxg7 Kxg7 22.
cxd5 Nxd5 23. Qc1 Rac8 24. Qb2+ Kh7 25. g4 Rc7 26. Rfe1 Kg6 27. Qe5 Nd4 28.
Nxc5 Rxc5 29. Qe4+ Nf5 30. gxf5+ Qxf5 31. Nd4 Qxe4 32. dxe4 Ne3+ 33. Kg1 Rc3
34. a4 Rd8 35. Ne2 Rc4 36. a5 Rd2 37. Rbc1 Nc2 38. Red1 Rxe2 39. Rd6+ Kh5 40.
Rd7 Ne3 41. Rxc4 Nxc4 42. a6 bxa6 43. bxa6 Ne3 44. Rxa7 Rg2+ 45. Kh1 Rf2 46.
Rd7 Rf1# 0-1

[Event "Pohár mìsta Øíèany 2018"]
[Site "Mìstské kulturní støedisko"]
[Date "2018.08.29"]
[Round "6.32"]
[White "Skrabanek, Matej"]
[Black "Dome, Michal"]
[Result "1/2-1/2"]
[WhiteElo "1711"]
[BlackElo "1755"]
[PlyCount "79"]
[EventDate "2018.08.25"]

1. e4 e6 2. d4 d5 3. Nd2 Nc6 4. exd5 exd5 5. Ngf3 Nf6 6. Bd3 Nb4 7. O-O Nxd3 8.
Qe2+ Be7 9. Qxd3 O-O 10. Ne5 Ne8 11. Re1 f6 12. Nef3 Rf7 13. b3 Nd6 14. c4 Bf5
15. Qc3 c6 16. Bb2 b6 17. a4 Ne4 18. Nxe4 Bxe4 19. Nh4 f5 20. Nf3 Bxf3 21. Qxf3
Qd7 22. cxd5 Qxd5 23. Qxd5 cxd5 24. Rac1 Bf6 25. Rc6 Re7 26. Rxe7 Bxe7 27. Rc7
Bf6 28. Kf1 a5 29. Rd7 Rd8 30. Rb7 Rd6 31. f3 Rc6 32. Ba3 Bxd4 33. Rd7 Bc5 34.
Bb2 d4 35. Bxd4 Bxd4 36. Rxd4 Kf7 37. b4 axb4 38. Rxb4 Rc1+ 39. Kf2 Ra1 40.
Rxb6 1/2-1/2

[Event "Pohár mìsta Øíèany 2018"]
[Site "Mìstské kulturní støedisko"]
[Date "2018.08.29"]
[Round "6.19"]
[White "Skala, Jaromir"]
[Black "Lhotsky, Frantisek"]
[Result "1/2-1/2"]
[WhiteElo "1920"]
[BlackElo "1737"]
[PlyCount "53"]
[EventDate "2018.08.25"]

1. d4 d5 2. Nf3 Nf6 3. Bf4 c5 4. e3 Nc6 5. Be2 e6 6. h3 Bd6 7. Bxd6 Qxd6 8. O-O
O-O 9. a4 e5 10. dxe5 Nxe5 11. Na3 Be6 12. c4 Rfd8 13. Qc2 Nc6 14. cxd5 Bxd5
15. Rac1 b6 16. Rfd1 Qe7 17. Qf5 Be4 18. Qg5 Na5 19. Nh4 h6 20. Qf4 Nd5 21. Qg4
Rd7 22. Nf5 Bxf5 23. Qxf5 Rad8 24. Qf3 Qf6 25. Qxf6 Nxf6 26. Rxd7 Rxd7 27. Rd1
1/2-1/2

[Event "Pohár mìsta Øíèany 2018"]
[Site "Mìstské kulturní støedisko"]
[Date "2018.08.29"]
[Round "6.27"]
[White "Paldus, Jan"]
[Black "Cabart, Pavel"]
[Result "1-0"]
[WhiteElo "1812"]
[BlackElo "1750"]
[PlyCount "69"]
[EventDate "2018.08.25"]

1. e4 c5 2. Nf3 Nc6 3. d4 cxd4 4. Nxd4 g6 5. Nc3 Bg7 6. Be3 Nf6 7. Be2 O-O 8.
O-O d5 9. exd5 Nxd5 10. Nxd5 Qxd5 11. Nxc6 Qxc6 12. c3 e5 13. Qb3 Be6 14. Qb5
Qxb5 15. Bxb5 b6 16. a4 f5 17. f3 Rfd8 18. a5 f4 19. Bf2 bxa5 20. Rxa5 Rd2 21.
b4 e4 22. fxe4 Bxc3 23. Rxa7 Rb8 24. Re7 Rxb5 25. Rxe6 Bxb4 26. Rf6 g5 27. h4
Bd6 28. Be1 Bc5+ 29. Kh1 Re2 30. Rf5 g4 31. Bf2 Rbb2 32. Rg5+ Kf7 33. Bxc5 Rxg2
34. Rxf4+ Ke6 35. Bg1 1-0

[Event "Pohár mìsta Øíèany 2018"]
[Site "Mìstské kulturní støedisko"]
[Date "2018.08.29"]
[Round "6.10"]
[White "Vetrovsky, Michal"]
[Black "Lhotsky, Zdenek"]
[Result "1-0"]
[WhiteElo "2078"]
[BlackElo "1923"]
[PlyCount "93"]
[EventDate "2018.08.25"]

1. d4 Nf6 2. Nf3 g6 3. Bf4 Bg7 4. e3 O-O 5. h3 d6 6. Be2 b6 7. O-O Bb7 8. Nbd2
Nbd7 9. c3 Qe8 10. Bh2 e5 11. dxe5 Nxe5 12. Qc2 Kh8 13. a4 a6 14. Rfd1 Nxf3+
15. Bxf3 Bxf3 16. Nxf3 Ne4 17. Nd2 f5 18. Nxe4 fxe4 19. Rd5 Rf5 20. Rad1 Qf7
21. c4 Rf8 22. Bg3 Qe8 23. b4 Rxd5 24. cxd5 Rf7 25. Rc1 Re7 26. Qc6 Qxc6 27.
Rxc6 a5 28. bxa5 bxa5 29. Bxd6 cxd6 30. Rc8+ Bf8 31. Rxf8+ Kg7 32. Ra8 Kf6 33.
Rxa5 Ke5 34. f4+ exf3 35. gxf3 Rc7 36. Kf2 Rc2+ 37. Kg3 Rc3 38. e4 Rc1 39. Ra8
Rg1+ 40. Kf2 Ra1 41. h4 Rh1 42. a5 Rxh4 43. a6 Rh2+ 44. Ke3 Ra2 45. f4+ Kf6 46.
a7 Kg7 47. f5 1-0

[Event "Pohár mìsta Øíèany 2018"]
[Site "Mìstské kulturní støedisko"]
[Date "2018.08.29"]
[Round "6.13"]
[White "Koubova, Anna Marie"]
[Black "Cermak, Jan"]
[Result "0-1"]
[WhiteElo "2086"]
[BlackElo "1878"]
[PlyCount "58"]
[EventDate "2018.08.25"]

1. d4 d5 2. c4 c6 3. cxd5 cxd5 4. Nf3 Nc6 5. Nc3 Nf6 6. Bf4 e6 7. e3 Bb4 8. Bd3
O-O 9. O-O Bd7 10. Nb5 a6 11. Nc3 Bxc3 12. bxc3 Na5 13. Bg5 h6 14. Bh4 Rc8 15.
Ne5 g5 16. Bg3 Ne4 17. Qh5 Kg7 18. f4 Nxg3 19. hxg3 Be8 20. fxg5 Qxg5 21. Qe2
f6 22. Rf4 Bh5 23. Nf3 Qxg3 24. Qb2 e5 25. dxe5 fxe5 26. Ra4 b6 27. Qxb6 Bxf3
28. Bf1 Bxg2 29. Bxg2 Rf2 0-1

[Event "Pohár mìsta Øíèany 2018"]
[Site "Mìstské kulturní støedisko"]
[Date "2018.08.29"]
[Round "6.14"]
[White "Simak, Roman"]
[Black "Polansky, Adam Lubos"]
[Result "0-1"]
[WhiteElo "1819"]
[BlackElo "1990"]
[PlyCount "60"]
[EventDate "2018.08.25"]

1. d4 d5 2. f4 Nf6 3. e3 g6 4. Nf3 Bg7 5. Bd3 O-O 6. c3 b6 7. Qe2 a5 8. Nbd2
Ba6 9. b3 c5 10. Bb2 Bxd3 11. Qxd3 Nc6 12. Ne5 Qc7 13. Nxc6 Qxc6 14. O-O Rfc8
15. Rac1 b5 16. Qe2 c4 17. Rfe1 Qd6 18. g3 e6 19. e4 dxe4 20. Nxe4 Nxe4 21.
Qxe4 Rab8 22. bxc4 Rxc4 23. a3 h5 24. Rcd1 Rbc8 25. Re2 Qb6 26. Kg2 Rd8 27.
Red2 Rd5 28. Qe2 Qc6 29. Qf3 Bf8 30. Qd3 Bxa3 0-1

[Event "Pohár mìsta Øíèany 2018"]
[Site "Mìstské kulturní støedisko"]
[Date "2018.08.29"]
[Round "6.17"]
[White "Salac, Jiri"]
[Black "Kovar, Jan"]
[Result "1/2-1/2"]
[WhiteElo "1958"]
[BlackElo "1810"]
[PlyCount "36"]
[EventDate "2018.08.25"]

1. d4 d5 2. Bf4 Nf6 3. e3 c5 4. c3 Nc6 5. Nd2 cxd4 6. exd4 Bf5 7. Qb3 Qc8 8.
Ngf3 h6 9. Be2 e6 10. O-O Be7 11. Ne5 Nxe5 12. Bxe5 O-O 13. a4 Rd8 14. a5 Ne4
15. Nxe4 Bxe4 16. a6 b6 17. Qa4 Bd6 18. Bxd6 Rxd6 1/2-1/2

[Event "Pohár mìsta Øíèany 2018"]
[Site "Mìstské kulturní støedisko"]
[Date "2018.08.29"]
[Round "6.20"]
[White "Jun, Rudolf"]
[Black "Dubnicka, Augustin"]
[Result "1-0"]
[WhiteElo "1905"]
[BlackElo "1718"]
[PlyCount "95"]
[EventDate "2018.08.25"]

1. e4 e5 2. Nf3 d6 3. d4 exd4 4. Nxd4 Nf6 5. f3 Be7 6. Be3 O-O 7. Be2 Be6 8. c4
c5 9. Nc2 Nc6 10. Nc3 a6 11. O-O Qc7 12. Qd2 Ne5 13. b3 Rfd8 14. Rfe1 Ng6 15.
Rad1 Qc6 16. a3 Rab8 17. a4 b6 18. Rb1 Qc8 19. Bd3 Ne5 20. Bg5 h6 21. Be3 Bf8
22. Bf1 Qc6 23. Rbd1 Qc8 24. Qf2 Ng6 25. Qd2 Ne5 26. Bf2 Nc6 27. Be2 Na5 28.
Rb1 Nc6 29. Bg3 Nh5 30. Bf2 g5 31. Be3 f6 32. Nd5 Ne7 33. g4 Bxd5 34. exd5 Ng7
35. Bd3 Kf7 36. h3 Ng6 37. Bxg6+ Kxg6 38. f4 Ne8 39. Rf1 Rb7 40. fxg5 hxg5 41.
Qd3+ Kg7 42. Rf5 Be7 43. Rbf1 Kh6 44. h4 Qd7 45. hxg5+ fxg5 46. Bxg5+ Bxg5 47.
Qh3+ Kg6 48. Rxg5+ 1-0

[Event "Pohár mìsta Øíèany 2018"]
[Site "Mìstské kulturní støedisko"]
[Date "2018.08.29"]
[Round "6.21"]
[White "Otrubova, Kristyna"]
[Black "Vlkova, Anezka"]
[Result "1/2-1/2"]
[WhiteElo "1651"]
[BlackElo "1901"]
[PlyCount "64"]
[EventDate "2018.08.25"]

1. e4 c5 2. Nf3 d6 3. d4 cxd4 4. Nxd4 Nf6 5. Nc3 g6 6. Be3 Bg7 7. f3 O-O 8. Qd2
Nc6 9. Bc4 Bd7 10. O-O-O Rc8 11. Bb3 Nxd4 12. Bxd4 b5 13. e5 dxe5 14. Bxe5 Bc6
15. Qxd8 Rfxd8 16. Rxd8+ Rxd8 17. Rd1 Bh6+ 18. Kb1 Rxd1+ 19. Nxd1 a5 20. c4 b4
21. Nf2 Nd7 22. Bc7 a4 23. Bc2 Nc5 24. b3 axb3 25. axb3 Be3 26. Nd3 Nxd3 27.
Bxd3 f6 28. Kc2 Bc5 29. Be4 Bxe4+ 30. fxe4 e5 31. g4 h6 32. h4 g5 1/2-1/2

[Event "Pohár mìsta Øíèany 2018"]
[Site "Mìstské kulturní støedisko"]
[Date "2018.08.29"]
[Round "6.23"]
[White "Matys, Jakub"]
[Black "Postupa, Pavel"]
[Result "1/2-1/2"]
[WhiteElo "1830"]
[BlackElo "1944"]
[PlyCount "50"]
[EventDate "2018.08.25"]

1. e4 c5 2. Nf3 d6 3. Bb5+ Bd7 4. Bxd7+ Qxd7 5. O-O Nc6 6. d4 cxd4 7. Nxd4 Nf6
8. Re1 e6 9. Nc3 Be7 10. f4 Nxd4 11. Qxd4 Qc6 12. Be3 O-O 13. a4 Ng4 14. Qd3
Nxe3 15. Rxe3 Rfc8 16. Rh3 Qc4 17. Rd1 Qxd3 18. Rhxd3 a6 19. R1d2 Rc4 20. b3
Rc5 21. Nd1 b5 22. Nb2 f5 23. exf5 Rxf5 24. g3 d5 25. c4 bxc4 1/2-1/2

[Event "Pohár mìsta Øíèany 2018"]
[Site "Mìstské kulturní støedisko"]
[Date "2018.08.29"]
[Round "6.24"]
[White "Vit, Zdenek"]
[Black "Hadrava, Jaroslav"]
[Result "0-1"]
[WhiteElo "1692"]
[BlackElo "1913"]
[PlyCount "72"]
[EventDate "2018.08.25"]

1. e4 g6 2. d4 Bg7 3. Be3 d6 4. Nc3 c6 5. Qd2 Nf6 6. f3 b5 7. Bd3 O-O 8. a4 Qa5
9. Nce2 b4 10. Nc1 Be6 11. Nge2 c5 12. c4 bxc3 13. Nxc3 cxd4 14. Bxd4 Nc6 15.
Be3 Rab8 16. O-O Ne5 17. Rb1 Nfd7 18. Nd5 Qxd2 19. Nxe7+ Kh8 20. Bxd2 Nc5 21.
Bc2 Nc4 22. Rd1 Nxb2 23. Re1 Nbxa4 24. Be3 Nc3 25. Rxb8 Rxb8 26. Ne2 Rb2 27.
Nxc3 Rxc2 28. Ncd5 a5 29. Rb1 Bb2 30. Nc6 Bxd5 31. exd5 Nb3 32. Nxa5 Nxa5 33.
Rxb2 Rxb2 34. Bd4+ Kg8 35. Bxb2 Nc4 36. Kf2 Nxb2 0-1

[Event "Pohár mìsta Øíèany 2018"]
[Site "Mìstské kulturní støedisko"]
[Date "2018.08.29"]
[Round "6.25"]
[White "Havelka, Petr"]
[Black "Pavlicek, Petr"]
[Result "1/2-1/2"]
[WhiteElo "1847"]
[BlackElo "1891"]
[PlyCount "23"]
[EventDate "2018.08.25"]

1. d4 d5 2. c4 e6 3. Nc3 Be7 4. Nf3 Nf6 5. Bg5 O-O 6. e3 h6 7. Bh4 b6 8. cxd5
Nxd5 9. Bxe7 Qxe7 10. Be2 Nxc3 11. bxc3 Bb7 12. O-O 1/2-1/2

[Event "Pohár mìsta Øíèany 2018"]
[Site "Mìstské kulturní støedisko"]
[Date "2018.08.29"]
[Round "6.28"]
[White "Barton, Milan"]
[Black "Ruzicka, Vaclav"]
[Result "1/2-1/2"]
[WhiteElo "1790"]
[BlackElo "1642"]
[PlyCount "116"]
[EventDate "2018.08.25"]

1. e4 c6 2. d4 d5 3. exd5 cxd5 4. Nf3 Nc6 5. c3 Qc7 6. Bd3 Bg4 7. h3 Bh5 8. Bb5
Nf6 9. Nbd2 Qa5 10. Qe2 a6 11. Bd3 e6 12. O-O Bg6 13. Re1 Bxd3 14. Qxd3 Bd6 15.
b4 Qc7 16. a4 O-O 17. Bb2 e5 18. dxe5 Nxe5 19. Nxe5 Bxe5 20. Nf3 Bf4 21. Bc1
Bxc1 22. Raxc1 Rfd8 23. Nd4 h6 24. Re3 Re8 25. Rce1 Qd7 26. a5 Rxe3 27. Rxe3
Re8 28. Nf3 Rxe3 29. Qxe3 Qe6 30. Qd2 Ne4 31. Qd4 Qc6 32. Qe5 Nxc3 33. Qe7 Ne4
34. Qe5 Nf6 35. Qb8+ Kh7 36. Kh2 Nd7 37. Qf4 Qf6 38. Qe3 Qd6+ 39. Kh1 Qxb4 40.
Qe8 Qb1+ 41. Kh2 Qf5 42. Qc8 Qf4+ 43. Kg1 Ne5 44. Nxe5 Qxe5 45. Qxb7 Qe1+ 46.
Kh2 Qxa5 47. Qxf7 Qc5 48. Qf5+ Kh8 49. g4 Qd6+ 50. Kg2 d4 51. Qc8+ Kh7 52. Qf5+
Qg6 53. Qd5 d3 54. f4 d2 55. Qxd2 Qe4+ 56. Kg3 a5 57. Qxa5 Qe3+ 58. Kg2 Qe4+
1/2-1/2

[Event "Pohár mìsta Øíèany 2018"]
[Site "Mìstské kulturní støedisko"]
[Date "2018.08.29"]
[Round "6.29"]
[White "Stork, Rostislav"]
[Black "Havel, Jan"]
[Result "1-0"]
[WhiteElo "1779"]
[BlackElo "1710"]
[PlyCount "45"]
[EventDate "2018.08.25"]

1. e4 c5 2. Nf3 Nc6 3. d3 e6 4. Nbd2 d5 5. g3 g6 6. Bg2 Bg7 7. O-O Nf6 8. Re1
O-O 9. h4 h6 10. c3 e5 11. Qb3 b6 12. exd5 Nxd5 13. Nxe5 Bxe5 14. Qxd5 Bd7 15.
Rxe5 Nxe5 16. Qxe5 Re8 17. Qf4 Rc8 18. Ne4 Bf5 19. Qxh6 Bxe4 20. Bxe4 Qf6 21.
h5 Re5 22. hxg6 fxg6 23. Bf4 1-0

[Event "Pohár mìsta Øíèany 2018"]
[Site "Mìstské kulturní støedisko"]
[Date "2018.08.29"]
[Round "6.30"]
[White "Konvalinka, Vladislav"]
[Black "Horyna, Josef"]
[Result "1/2-1/2"]
[WhiteElo "1740"]
[BlackElo "1783"]
[PlyCount "51"]
[EventDate "2018.08.25"]

1. d4 e6 2. c4 d5 3. g3 Nf6 4. Bg2 c6 5. Qc2 Bd6 6. Nf3 Nbd7 7. O-O O-O 8. Nfd2
e5 9. cxd5 cxd5 10. dxe5 Nxe5 11. Nc3 Qc7 12. Qb3 d4 13. Nb5 Qc5 14. Nxd6 Qxd6
15. Ne4 Nxe4 16. Bxe4 Nc6 17. Bf4 Qe6 18. Qxe6 Bxe6 19. a3 Bc4 20. Rfe1 Rfe8
21. f3 f5 22. Bd3 Bxd3 23. exd3 Kf7 24. Kf2 Rac8 25. Rac1 Kf6 26. h4 1/2-1/2

[Event "PohÃ¡r mÄ›sta Å˜Ã­Ä�any 2018"]
[Site "MÄ›stskÃ© kulturnÃ­ stÅ™edisko"]
[Date "2018.08.29"]
[Round "6.11"]
[White "Otruba, Marek"]
[Black "Vorisek, Jakub"]
[Result "1/2-1/2"]
[WhiteElo "2005"]
[BlackElo "2069"]
[PlyCount "65"]
[EventDate "2018.08.25"]

1. e4 c5 2. Nf3 Nc6 3. d4 cxd4 4. Nxd4 g6 5. Nc3 Bg7 6. Be3 Nf6 7. Bc4 Qa5 8.
Nxc6 bxc6 9. O-O O-O 10. a3 d6 11. h3 Rb8 12. Rb1 Rd8 13. f4 Bb7 14. Qe1 Kf8
15. b4 Qc7 16. Bxa7 Ra8 17. Qe3 Nd7 18. Bd4 Bxd4 19. Qxd4 Qb6 20. Qxb6 Nxb6 21.
Bb3 Rxa3 22. Ra1 Rda8 23. Rxa3 Rxa3 24. Nb1 Ra8 25. Nd2 d5 26. c4 dxc4 27. Nxc4
Nxc4 28. Bxc4 Ra4 29. Rb1 c5 30. bxc5 Bxe4 31. Rc1 Bc6 32. Kf2 Ra3 33. Rc2
1/2-1/2